Monte hermoso : del país del diablo a la autonomía /

Guardado en:
Autor Principal: Ciarniello, Nicolás
Otros Autores: Fernández de Franceschini, María E.
Formato: Libro
Publicado: Bahía Blanca : Casa del Puente, 2009
Materias:
Etiquetas: Agregar Etiqueta
Sin Etiquetas, Sea el primero en etiquetar este registro!
LEADER 00942nam a22002175a 4500
001 CEM.cems013170
005 20090908105807.0
008 130507s2009##################000#0#####d
003 CEMS
020 |a 9789872506100 
082 0 4 |a 982.12 
100 1 |a Ciarniello, Nicolás 
245 1 0 |a Monte hermoso :  |b del país del diablo a la autonomía /  |c Nicolás Ciarniello, María E. Fernández de Franceschini 
260 |a Bahía Blanca :  |b Casa del Puente,  |c 2009 
300 |a 144 p. 
505 0 |a Una cuestión de nombres -- Monte Hermoso al natural -- Mucha tierra, poco agua -- Una luz en la oscuridad -- Lucinda Sutton, mito y símbolo -- De maderas y de hotel -- Pilares del crecimiento montehrmoseño -- Cronología 
653 |a Monte hermoso 
653 |a Monte hermoso-historia 
653 |a Monte hermoso-aspectos geológicos 
700 1 |a Fernández de Franceschini, María E. 
859 |a CEMS  |b BIB. CEMS - 11 de abril  |h 982.12  |i C341  |p 25624.09  |t Ej.1